000 00728cam a22002533a 4500
001 29812
003 PGUSA
005 20140828083638.0
008 090826s2009||||xxu|||||s|||||000 1 eng d
040 _aPGUSA
_beng
042 _adc
050 4 _aPZ
100 1 _aFanny, Aunt,
_d1822-1894
245 1 4 _aThe Little Nightcap Letters
_h[electronic resource] /
_cAunt Fanny
260 _bProject Gutenberg,
_c2009
506 _aPublic domain in the USA.
516 _aElectronic text
653 _aConduct of life -- Juvenile fiction
653 _aChildren's stories
653 _aChristian life -- Juvenile fiction
830 0 _aProject Gutenberg
_v29812
856 4 0 _uhttp://www.gutenberg.org/ebooks/29812
942 _cEB
999 _c259067
_d259067